Educación y lucha de clases y otros escritos (Record no. 1880)

MARC details
000 -LEADER
campo de control de longitud fija 01435nam a22001457a 4500
008 - DATOS DE LONGITUD FIJA--INFORMACIÓN GENERAL
campo de control de longitud fija 191203b xxu||||| |||| 00| 0 eng d
020 ## - NÚMERO INTERNACIONAL ESTÁNDAR DEL LIBRO
Número Internacional Estándar del Libro 9789873805066
082 ## - NÚMERO DE LA CLASIFICACIÓN DECIMAL DEWEY
Número de clasificación 370.19
Número de ítem P792e
100 ## - ENTRADA PRINCIPAL--NOMBRE DE PERSONA
Nombre de persona Ponce, Anibal
9 (RLIN) 7260
245 ## - MENCIÓN DEL TÍTULO
Título Educación y lucha de clases y otros escritos
260 ## - PUBLICACIÓN, DISTRIBUCIÓN, ETC.
Lugar de publicación, distribución, etc. Argentina
Nombre del editor, distribuidor, etc. UNIPE: Editorial Universitaria
Fecha de publicación, distribución, etc. 2015
300 ## - DESCRIPCIÓN FÍSICA
Extensión 208 p.
Dimensiones 16 x 24 cm.
505 ## - NOTA DE CONTENIDO CON FORMATO
Título Abreviaturas.
-- Presentación. Aníbal Ponce, o las vetas del pensamiento pedagógico marxista en Argentina.
Mención de responsabilidad Nicolás Arata y Pablo Gentili
Título Educación y Lucha de Clases y Otros Escritos.
-- Capítulo I. La educación en la comunidad primitiva.
-- Capítulo II. La educación del hombre antiguo. Primera Parte: Esparta y Atenas.
-- Capítulo III. La educación del hombre antiguo. Segunda Parte: Roma.
-- Capítulo IV. La educación del hombre feudal.
-- Capítulo V. La educación del hombre burgués. Primera Parte: Desde el renacimiento al Siglo XVIII
-- Capítulo VI. La educación del hombre burgués. Segunda Parte: Desde la revolución al Siglo XIX
-- Capítulo VII. La "Nueva Educación". Primera Parte.
-- Capítulo VII. La "Nueva Educación". Segunda Parte.
-- Apéndice.
-- Hacia la democracia proletaria.
-- Condiciones para la Universidad Libre.
-- El Maestro (Fragmento de José Ingenieros. Su vida y su obra).
-- La vejez de Sarmiento (Fragmento).
650 ## - PUNTO DE ACCESO ADICIONAL DE MATERIA--TÉRMINO DE MATERIA
Fuente del encabezamiento o término Educación
Subdivisión de forma Pedagogía
Subdivisión general Educación - historia
-- Historia
-- Clases sociales (Lucha de clases)
9 (RLIN) 7261
Holdings
Estatus retirado Estado de pérdida Fuente del sistema de clasificación o colocación Estado de daño No para préstamo Biblioteca de origen Biblioteca actual Ubicación en estantería Fecha de adquisición Total de préstamos Signatura topográfica completa Código de barras Visto por última vez Precio de reemplazo Tipo de ítem Koha
    Clasificación Decimal Dewey     Biblioteca LadoV Biblioteca LadoV   03/12/2019   370.19 P792e 004902 03/12/2019 03/12/2019 Material 01